<?xml version="1.0" encoding="UTF-8"?><?xml-stylesheet type="text/xsl" href="static/style.xsl"?><OAI-PMH xmlns="http://www.openarchives.org/OAI/2.0/" xmlns:xsi="http://www.w3.org/2001/XMLSchema-instance" xsi:schemaLocation="http://www.openarchives.org/OAI/2.0/ http://www.openarchives.org/OAI/2.0/OAI-PMH.xsd"><responseDate>2026-06-29T01:27:45Z</responseDate><request verb="GetRecord" identifier="oai:docta.ucm.es:20.500.14352/128291" metadataPrefix="marc">https://docta.ucm.es/rest/oai/request</request><GetRecord><record><header><identifier>oai:docta.ucm.es:20.500.14352/128291</identifier><datestamp>2025-12-03T00:45:23Z</datestamp><setSpec>com_20.500.14352_14</setSpec><setSpec>col_20.500.14352_119695</setSpec></header><metadata><record xmlns="http://www.loc.gov/MARC21/slim" xmlns:dcterms="http://purl.org/dc/terms/" xmlns:xsi="http://www.w3.org/2001/XMLSchema-instance" xmlns:doc="http://www.lyncode.com/xoai" xsi:schemaLocation="http://www.loc.gov/MARC21/slim http://www.loc.gov/standards/marcxml/schema/MARC21slim.xsd">
   <leader>00925njm 22002777a 4500</leader>
   <datafield ind2=" " ind1=" " tag="042">
      <subfield code="a">dc</subfield>
   </datafield>
   <datafield ind2=" " ind1=" " tag="720">
      <subfield code="a">Manzanera, Paloma</subfield>
      <subfield code="e">author</subfield>
   </datafield>
   <datafield ind2=" " ind1=" " tag="720">
      <subfield code="a">García Cano, Marta</subfield>
      <subfield code="e">author</subfield>
   </datafield>
   <datafield ind2=" " ind1=" " tag="720">
      <subfield code="a">Cebrián Martínez, Ana</subfield>
      <subfield code="e">author</subfield>
   </datafield>
   <datafield ind2=" " ind1=" " tag="720">
      <subfield code="a">Lanau, David</subfield>
      <subfield code="e">author</subfield>
   </datafield>
   <datafield ind2=" " ind1=" " tag="260">
      <subfield code="c">2019-01-10</subfield>
   </datafield>
   <datafield ind2=" " ind1=" " tag="520">
      <subfield code="a">En este proyecto se partió de una serie de objetivos, en los que hallamos el objetivo general: desarrollar prácticas creativas innovadoras que promuevan la socialización cultural y la expresión artística y mejoren la calidad de vida de los usuarios y profesionales del centro. A partir del cual se desprende una serie de objetivos específicos:
•	Potenciar la autonomía y el desarrollo personal en la vida independiente.
•	Adquirir competencias creativas contemporáneas aplicables al ámbito profesional.
•	Diseñar con los usuarios oportunidades de incidir en su propio contexto.
•	Investigar cómo influye todo esto en los agentes del contexto.
El programa se articuló en torno a tres bloques en el que se diseñaron acciones concretas para el cumplimiento de cada uno de estos objetivos, de manera que se fueron enlazando y derivando en el objetivo global. De estas seis sesiones (de aproximadamente dos horas de duración cada una de ellas), cinco fueron de implementación y una de evaluación.</subfield>
   </datafield>
   <datafield ind1="8" ind2=" " tag="024">
      <subfield code="a">https://hdl.handle.net/20.500.14352/128291</subfield>
   </datafield>
   <datafield ind1="8" ind2=" " tag="024">
      <subfield code="a">https://www.pedagogiasinvisibles.es/proyecto/trazandoredes/</subfield>
   </datafield>
   <datafield ind2="0" ind1="0" tag="245">
      <subfield code="a">Trazando redes: una experiencia de co-aprendizaje con el centro ocupacional de Aluche de la Comunidad de Madrid</subfield>
   </datafield>
</record></metadata></record></GetRecord></OAI-PMH>